Maximálna suma ročného školného na akademický rok 2014/2015 na verejných a štátnych vysokých školách

Podľa paragrafu 92 č. 131/2002 Z. z. o vysokých školách a o zmene a doplnení niektorých zákonov v znení neskorších predpisov si verejné vysoké školy a štátne vysoké školy určujú pre jednotlivé študijné programy ročné školné, ktoré sa vzťahuje na príslušný akademický rok.

Salvato in:
Dettagli Bibliografici
Autore principale: Neupauerová, Zuzana
Natura: Capitolo di libro
Lingua:slovacco
Soggetti:
Tags: Aggiungi Tag
Nessun Tag, puoi essere il primo ad aggiungerne!!

MARC

LEADER 00000naa$a2200000$$$4500
001 0175661
005 20240502073010.6
041 0 |a slo 
044 |a SK 
245 1 0 |a Maximálna suma ročného školného na akademický rok 2014/2015 na verejných a štátnych vysokých školách  |c Zuzana Neupauerová 
520 |a Podľa paragrafu 92 č. 131/2002 Z. z. o vysokých školách a o zmene a doplnení niektorých zákonov v znení neskorších predpisov si verejné vysoké školy a štátne vysoké školy určujú pre jednotlivé študijné programy ročné školné, ktoré sa vzťahuje na príslušný akademický rok. 
610 2 0 |a školy vysoké 
610 2 0 |a programy študijné 
610 2 0 |a štúdium vysokoškolské 
610 2 0 |a vzdelávanie vysokoškolské 
610 2 0 |a poplatky 
610 2 0 |a školné 
100 1 |a Neupauerová, Zuzana